Amérique de A à Z - Statistiques

Statistiques générales
  • Ce quiz a été pris 266 fois
  • Le résultat moyen est 11 sur 26
Statistiques - réponses
Lettre Indice Réponse % Correct
A Ancien territoire russe en Amérique du Nord Alaska
93%
L La plus grande ville du Pérou Lima
87%
B Archipel se situant dans le dangereux triangle des Bermudes Bahamas
78%
O Ville de Floride qui a accueilli le tout premier Disney World Orlando
77%
M Navigateur portugais ayant un détroit à son nom au Chili Magellan
72%
K Etat américain dont la capitale est Topeka Kansas
71%
U Grande ville argentine du bout du monde, avec une émission qui porte son nom Ushuaïa
66%
Y Péninsule mexicaine, où aurait atterri la météorite ayant tué les dinosaures Yucatan
62%
W Etat américain dont la route de sa capitale est un film avec Meryl Streep Wisconsin
60%
D L'une des treize colonies, fondatrice des Etats-Unis Delaware
55%
Q Langue indigène encore officielle dans certains pays d'Amérique du Sud Quechua
50%
C Chapelet d'îles britanniques, connu pour ses avantages fiscaux Caïmans
42%
E Capitale de l'état canadien de l'Alberta Edmonton
40%
G Célèbre médecin argentin, mais plus connu pour autre chose... Guevara
39%
Z Célèbre homme politique mexicain, lors de la Révolution de 1911 Zapata
37%
F Iles à l'origine d'un conflit entre Argentins et Britanniques Falkland
35%
T Fameuse galette de maïs caractéristique de la cuisine latino-américaine Tortilla
35%
J Ville principale de la First Coast, en Floride Jacksonville
31%
N Nom du dernier état à avoir rejoint la fédération canadienne Nunavut
29%
R Métropole la plus orientale du continent, au Brésil Recife
18%
S Plus hautes chutes d'eau du monde, situées dans l'arrière-pays vénézuélien Salto Angel
16%
V Station balnéaire mexicaine de la côte est, situé dans l'état du même nom Vera Cruz
15%
P Célèbre montagne mexicaine au nom imprononçable Popocatepetl
5%
H Ile de conflits entre le Danemark et le Canada, désormais partagée entre les deux pays Hans
2%
I Plus grande ville du monde inaccessible par la route Iquitos
0%
X Dieu aztèque des choses doubles, comme les jumeaux Xolotl
0%
Aucun quiz correspondant
Distribution des résultats
% des personnes avec chaque résultat
Percentile par nombre de réponses
Votre historique - résultats
Vous n’avez pas pris ce quiz